| 000 | 00633nam a2200193 a 4500 | ||
|---|---|---|---|
| 005 | 20210223122002.0 | ||
| 008 | 991125s1989 mx 000 0 spa u | ||
| 020 | _a9501244032 | ||
| 035 | _aUPN01000027298 | ||
| 049 | _aCG | ||
| 050 | 4 |
_aBF295 _bL4.58 |
|
| 100 | 1 |
_aLe Boulch, Jean, _d1924-2001 _928966 |
|
| 245 | 1 | 0 |
_aHacia una ciencia del movimiento humano : _bintroducción a la psicokinética / _cJean Le Boulch ; tr. Lidia de Franze. |
| 260 |
_aMéxico : _bPaidós, _c1989. |
||
| 300 |
_a227 p. : _bil. |
||
| 440 | 0 |
_aPaidós técnicas y lenguajes corporales ; _v3 |
|
| 650 | 4 |
_aMOVIMIENTO - _xPSICOLOGIA _913684 |
|
| 905 | _aLibro | ||
| 999 |
_c27298 _d27298 |
||